Pokud mě nezabiješ /
Kriminálně laděný, ale vtipný příběh o ženě, která začne psát do vězení sériovému vrahovi.
Uloženo v:
| Hlavní autor: | |
|---|---|
| Další autoři: | |
| Médium: | E-kniha |
| Jazyk: | Czech |
| Vydáno: |
Praha :
Euromedia Group,
2025
|
| Vydání: | Vydání první |
| Témata: | |
| Tagy: |
Žádné tagy |
| LEADER | 02321nam a2200469 i 4500 | ||
|---|---|---|---|
| 001 | 302533 | ||
| 003 | CZ PrSKC | ||
| 005 | 20260513063241.0 | ||
| 007 | ta | ||
| 008 | 250520s2025 xr g 000 f cze | ||
| 015 | |a cnb003683387 | ||
| 020 | |a 9788028407032 |q (brožováno) | ||
| 035 | |a (OCoLC)1527577593 | ||
| 040 | |a ABG001 |b cze |d ABA001 |e rda | ||
| 041 | 1 | |a cze |h eng | |
| 072 | 7 | |a 821.111(73)-3 |x Americká próza |2 Konspekt | |
| 080 | |a 821.111(73)-31 |2 MRF | ||
| 080 | |a (0:82-312.4) |2 MRF | ||
| 100 | 1 | |a Coryell, Tasha |7 xx0323327 |4 aut | |
| 240 | 1 | 0 | |a Love letters to a serial killer. |l Česky |
| 245 | 1 | 0 | |a Pokud mě nezabiješ / |c Tasha Coryell ; přeložila Klára Kučerová |
| 250 | |a Vydání první | ||
| 264 | 1 | |a Praha : |b Euromedia Group, |c 2025 | |
| 300 | |a 334 stran ; |c 20 cm | ||
| 336 | |a text |b txt |2 rdacontent | ||
| 337 | |a bez média |b n |2 rdamedia | ||
| 338 | |a svazek |b nc |2 rdacarrier | ||
| 500 | |a Přeloženo z angličtiny | ||
| 500 | |a Na obálce uvedeno nakladatelství Kalibr | ||
| 520 | 2 | |a Kriminálně laděný, ale vtipný příběh o ženě, která začne psát do vězení sériovému vrahovi. |b Hannah se nedaří dobře ani v práci ani v milostném životě. Jedinou radost ji dělá záliba v true crime tématech, o kterých ráda diskutuje na fórech. Když za sérii otřesných vražd několika žen zatknou právníka Wiliama Thomase, nenapadne Hannah nic lepšího, než mu do vězení napsat. A on kupodivu odpoví. Hannah se tak zaplétá nejen do osidel jeho neodolatelného šarmu, ale také do vlastních rozporuplných emocí. | |
| 655 | 7 | |a americké romány |7 fd131796 |2 czenas | |
| 655 | 7 | |a thrillery (romány) |7 fd184206 |2 czenas | |
| 655 | 9 | |a American fiction |2 eczenas | |
| 655 | 9 | |a thrillers (novels) |2 eczenas | |
| 700 | 1 | |a Kučerová, Klára, |d 1973- |7 xx0069818 |4 trl | |
| 900 | |a ABA001 |b 20 | ||
| 928 | 9 | |a Euromedia Group - Kalibr | |
| 928 | 9 | |a Kalibr | |
| 044 | |a xr | ||
| 910 | |a RBIT002 | ||
| 998 | |d 420012 |a https://core.palmknihy.cz/api/books/420012/cover?sv4gv1 |b https://core.palmknihy.cz/api/books/420012/cover/400?sv4gv1 |c https://core.palmknihy.cz/api/books/420012/cover/50?sv4gv1 |e 2028-03-24 |g 336 |i 9788028407032 |j https://core.palmknihy.cz/api/books/420012/preview.epub |l |q 49 |r 1 |s https://www.palmknihy.cz/kniha/420012 |t ebook |y 2025 |z 0 | ||
| 999 | |d 302531 | ||